Discrete Mathematics for Computer Science : An Example-Based Introduction/

Contiene: 1) Introducción a los algoritmos; 2) Representaciones numéricas; 3) Lógica; 4) Teoría de conjuntos; 5) Álgebra de Boole; 6) Funciones; 7) Conteo y combinatoria; 8) Complejidad algorítmica; 9) Teoría de grafos; 10) Árboles. Apéndices: A) Diseño básico de circuitos; B) Respuestas a problemas...

Descrición completa

Gardado en:
Detalles Bibliográficos
Autor Principal: Fortney, Jon Pierre (autor)
Formato: Libro
Idioma:inglés
Publicado: Boca Ratón, EUA : CRC Press, 2021, c2021
Temas:
Acceso en liña:Ver documento en línea
Etiquetas: Engadir etiqueta
Sen Etiquetas, Sexa o primeiro en etiquetar este rexistro!

MARC

LEADER 00000nam^a2200000^a^4500
001 000450947
005 20251023000000.0
009 20260310123801.312
020 |a 978-1-000-29664-8 
037 |a Acervo ITESO - Biblioteca 
041 |a ING 
082 |a 511. 1  |b FOR 
100 |a Fortney, Jon Pierre  |e (autor) 
245 1 0 |a Discrete Mathematics for Computer Science :  |b An Example-Based Introduction/  |c J.P. Fortney. 
264 4 |a Boca Ratón, EUA :  |b CRC Press,  |c 2021, c2021 
264 2 |a Birmingham, EUA :  |b EBSCOhost [distribución],  |c 2021 
300 |a 1 libro electrónico en línea (XII, 257 p.) 
300 |a 1 recurso en línea 
336 |a datos para computadora  |b cod  |2 rdacontenido 
337 |a computadora  |b c  |2 rdamedio 
338 |a recurso en línea  |b cr  |2 rdasoporte 
506 0 |a Licencias ilimitadas 
520 |a Contiene: 1) Introducción a los algoritmos; 2) Representaciones numéricas; 3) Lógica; 4) Teoría de conjuntos; 5) Álgebra de Boole; 6) Funciones; 7) Conteo y combinatoria; 8) Complejidad algorítmica; 9) Teoría de grafos; 10) Árboles. Apéndices: A) Diseño básico de circuitos; B) Respuestas a problemas. 
521 |a 2023 BO Licenciatura en Ingeniería en Sistemas Computacionales 
521 |a 2023 BO Licenciatura en Ingeniería en Seguridad Informática y Redes 
521 |a 2025 BO Licenciatura en Ingeniería en Inteligencia Artificial 
649 |a XX 
650 |a Algoritmos 
650 |a Arboles (Matemáticas) 
650 |a Teoría de Grafos 
650 |a Análisis Combinatorio 
650 |a Funciones (Matemáticas) 
650 |a Teoría de Conjuntos 
650 |a Algebra Booleana 
650 |a Lógica Matemática 
650 |a Matemáticas Discretas -  |x Tema Principal 
650 |a Ingeniería Computacional 
650 |a Matemáticas 
856 4 0 |u https://ezproxy.iteso.mx/login?url=https://search.ebscohost.com/login.aspx?direct=true&scope=site&db=nlebk&db=nlabk&AN=2708932  |y Ver documento en línea 
910 |a Fondo General 
920 |a Electrónicos - Libros en Línea 
930 |a Plataforma Digital 
905 |a 205 
901 |a 450947-1  |b IT2  |c EBO  |i C179953  |u 20250521 
902 |a https://opac.biblio.iteso.mx/vufind/Record/000450947